[Event "XII Festival A"]
[Site "Trieste ITA"]
[Date "2010.09.07"]
[Round "5"]
[White "Archangelsky, Mikhail"]
[Black "De Dreu, Dies"]
[Result "1-0"]
[WhiteElo "2212"]
[BlackElo "2019"]
[PlyCount "77"]
[EventDate "2010.09.04"]

1. Nf3 Nf6 2. c4 g6 3. Nc3 Bg7 4. e4 d6 5. d4 O-O 6. h3 e5 7. d5 Ne8 8. g4 Nd7
9. Be3 a6 10. Qd2 Qe7 11. Bd3 b6 12. Bc2 Rb8 13. Ne2 b5 14. cxb5 axb5 15. Ng3
Nb6 16. b3 Bd7 17. Rc1 c5 18. dxc6 Bxc6 19. Bd3 Qb7 20. Qc3 Bd7 21. Qa5 Nc8 22.
Ke2 Bc6 23. Rhg1 Nc7 24. Rc2 b4 25. Rxc6 Ne6 26. Rc2 Ra8 27. Qd5 Qb8 28. Rgc1
Nf4+ 29. Bxf4 exf4 30. Nf1 Nb6 31. Qb5 Bc3 32. a4 d5 33. N1d2 dxe4 34. Nxe4 Re8
35. Kf1 Qb7 36. Kg2 f5 37. Nd6 Qe7 38. Nxe8 fxg4 39. hxg4 1-0

[Event "XII Festival A"]
[Site "Trieste ITA"]
[Date "2010.09.07"]
[Round "5"]
[White "Castelfranchi, Carlo"]
[Black "Pasquotto, Mirko"]
[Result "1-0"]
[WhiteElo "2121"]
[BlackElo "1934"]
[PlyCount "57"]
[EventDate "2010.09.04"]

1. e4 c5 2. Nf3 d6 3. d4 cxd4 4. Nxd4 Nf6 5. Nc3 a6 6. Bg5 e6 7. f4 Nc6 8. Nxc6
bxc6 9. e5 h6 10. Bh4 g5 11. fxg5 Nd5 12. Ne4 Qb6 13. Bd3 Qxb2 14. O-O Qd4+ 15.
Kh1 Qxe5 16. Qf3 Ra7 17. c4 hxg5 18. Bg3 Nf4 19. Nxg5 Qxg5 20. Bxf4 Qh5 21.
Qxc6+ Bd7 22. Qb6 Ra8 23. Be4 Rc8 24. Rad1 Be7 25. Bg3 Qg4 26. Qe3 Rxc4 27. Bd3
Rc3 28. Rb1 Bb5 29. Bxb5+ 1-0

[Event "XII Festival A"]
[Site "Trieste ITA"]
[Date "2010.09.07"]
[Round "5"]
[White "Epishin, Vladimir V."]
[Black "Tzermiadianos, Andreas"]
[Result "1/2-1/2"]
[WhiteElo "2594"]
[BlackElo "2426"]
[PlyCount "91"]
[EventDate "2010.09.04"]

1. d4 d5 2. Nf3 Nf6 3. c4 dxc4 4. e3 e6 5. Bxc4 c5 6. O-O a6 7. dxc5 Bxc5 8.
Qxd8+ Kxd8 9. Be2 Ke7 10. b3 Nbd7 11. Bb2 b6 12. Ne1 Bb7 13. Nd3 Bd6 14. Nd2 b5
15. Rfd1 Rhc8 16. Kf1 g6 17. Bf3 Bxf3 18. Nxf3 Rc7 19. Nfe5 Nxe5 20. Nxe5 Bxe5
21. Bxe5 Rc2 22. a4 b4 23. Rac1 Rac8 24. Bd6+ Ke8 25. Rxc2 Rxc2 26. Bxb4 Nd5
27. Be1 f5 28. Rd4 Rb2 29. b4 Ra2 30. a5 Rc2 31. g4 Kf7 32. gxf5 gxf5 33. e4
fxe4 34. Rxe4 Kf6 35. Rh4 Kg6 36. Rg4+ Kf6 37. Rg8 Nf4 38. Rg3 Rc1 39. Rb3 e5
40. f3 Kf5 41. Rc3 Rb1 42. Re3 h5 43. h4 Ra1 44. Kf2 Ra2+ 45. Kf1 Ra1 46. Kf2
1/2-1/2

[Event "XII Festival A"]
[Site "Trieste ITA"]
[Date "2010.09.07"]
[Round "5"]
[White "Gregori, Giuliano"]
[Black "Biason, Adriano"]
[Result "1-0"]
[WhiteElo "1946"]
[BlackElo "1928"]
[PlyCount "83"]
[EventDate "2010.09.04"]

1. d4 Nf6 2. c4 e6 3. Nf3 b6 4. g3 Ba6 5. b3 Bb4+ 6. Bd2 Be7 7. Bg2 c6 8. O-O
O-O 9. Ne5 d5 10. Qc2 Bb7 11. Rd1 Nfd7 12. Nd3 Bf6 13. Bc3 Qc7 14. Qb2 Rc8 15.
Nd2 a5 16. e4 dxc4 17. bxc4 b5 18. a3 Ra7 19. e5 Be7 20. c5 Ba6 21. Ne4 Rd8 22.
Qd2 b4 23. axb4 Bxd3 24. Qxd3 axb4 25. Bxb4 Nxe5 26. Qc3 Ng6 27. Ba5 Rxa5 28.
Qxa5 Qd7 29. Qa7 Qxa7 30. Rxa7 f5 31. Nd6 Bxd6 32. cxd6 Nf8 33. Ra8 Nfd7 34.
Rb1 Kf8 35. Rb7 Ke8 36. f4 Rc8 37. Rc7 Kd8 38. Rxc8+ Kxc8 39. Bxc6 Nb6 40. d7+
N6xd7 41. Bxd7+ Kxd7 42. Rxb8 1-0

[Event "XII Festival A"]
[Site "Trieste ITA"]
[Date "2010.09.07"]
[Round "5"]
[White "Kovchan, Alexander"]
[Black "Pomaro, Alberto"]
[Result "1-0"]
[WhiteElo "2562"]
[BlackElo "2362"]
[PlyCount "145"]
[EventDate "2010.09.04"]

1. e4 c5 2. Nf3 d6 3. d4 cxd4 4. Nxd4 Nf6 5. Nc3 a6 6. Be2 e5 7. Nb3 Be7 8. O-O
O-O 9. Bf3 Nbd7 10. a4 b6 11. Be3 Bb7 12. Qd3 Rc8 13. Rfd1 Rc6 14. Nd2 Qc8 15.
Nf1 Nc5 16. Bxc5 Rxc5 17. Ne3 g6 18. Ne2 Qe6 19. c4 Rfc8 20. Nc3 Bf8 21. b3 a5
22. Qe2 Rd8 23. Bg4 Qe8 24. f3 h5 25. Bh3 Bh6 26. Rd3 Qe7 27. Rad1 Bc6 28. Nc2
Ne8 29. Na3 Nc7 30. Nab5 Ne8 31. Qf2 Kh7 32. Kh1 Bg7 33. Qe2 Bh6 34. Kg1 Bg7
35. Na3 Qa7 36. Qf2 Bh6 37. Qh4 Rb8 38. Nab5 Qb7 39. Nxd6 Nxd6 40. Rxd6 Bf8 41.
R6d3 Be7 42. Qe1 Be8 43. Nd5 Bd8 44. Nc3 Be7 45. Nd5 Bf8 46. Bd7 Kg7 47. Bxe8
Rxe8 48. Nc3 Rc6 49. Nb5 Bc5+ 50. Kf1 Qe7 51. Qg3 Qf6 52. Rd5 Ree6 53. Ke2 Kh6
54. Rd7 Re7 55. Rxe7 Qxe7 56. Rd5 Re6 57. Qe1 Kh7 58. Qg3 Kh6 59. Rd3 f5 60.
Rd5 h4 61. Qe1 Qg5 62. Kd3 Bb4 63. Nc3 Kh5 64. exf5 gxf5 65. Rxe5 Rd6+ 66. Rd5
Qg7 67. Rxd6 Bxd6 68. Qe8+ Kg5 69. Qd8+ Be7 70. Qxb6 Bb4 71. Qd8+ Kh5 72. Nd5
Qe5 73. Qf6 1-0

[Event "XII Festival A"]
[Site "Trieste ITA"]
[Date "2010.09.07"]
[Round "5"]
[White "Laco, Giuseppe"]
[Black "Cherin, Diego"]
[Result "0-1"]
[WhiteElo "2126"]
[BlackElo "2285"]
[PlyCount "56"]
[EventDate "2010.09.04"]

1. c4 f5 2. b4 Nf6 3. Bb2 e6 4. a3 b6 5. d4 Bb7 6. f3 Be7 7. Qb3 O-O 8. Nh3 Qe8
9. Nd2 d6 10. Nf4 Qf7 11. h4 Nbd7 12. Nd3 Rab8 13. O-O-O a6 14. Re1 c5 15. e3
Rfc8 16. Kb1 b5 17. Nf4 cxb4 18. cxb5 bxa3 19. Bxa3 Nd5 20. Nxd5 Bxd5 21. Qb4
axb5 22. e4 fxe4 23. fxe4 Bc4 24. Be2 Qf2 25. Bd1 Qxd4 26. Nb3 Bd3+ 27. Ka2
Qxb4 28. Bxb4 Ra8+ 0-1

[Event "XII Festival A"]
[Site "Trieste ITA"]
[Date "2010.09.07"]
[Round "5"]
[White "Mazi, Leon"]
[Black "Pregarac, Valter"]
[Result "1-0"]
[WhiteElo "2381"]
[BlackElo "2089"]
[PlyCount "79"]
[EventDate "2010.09.04"]

1. e4 e6 2. d3 d5 3. Nd2 Nf6 4. Ngf3 c5 5. g3 Nc6 6. Bg2 Be7 7. O-O b5 8. Re1
Bb7 9. e5 Nd7 10. h4 a5 11. Nf1 Qc7 12. Bf4 h6 13. N1h2 b4 14. Ng4 Nb6 15. h5
a4 16. a3 Na7 17. Qc1 Nb5 18. c3 bxc3 19. bxc3 c4 20. d4 Bc6 21. Bd2 Kd7 22.
Ne3 Qd8 23. Nc2 Qg8 24. Rb1 Qh7 25. Nb4 Ra5 26. Nh2 Kc7 27. Bf3 Bd7 28. Kg2 Qg8
29. Ng4 Qd8 30. Bd1 Bg5 31. f4 Be7 32. Ne3 f5 33. exf6 gxf6 34. f5 Bxb4 35.
Rxb4 e5 36. dxe5 fxe5 37. Ng4 Bxf5 38. Nxe5 Nd6 39. Bf4 Kc8 40. Nc6 1-0

[Event "XII Festival A"]
[Site "Trieste ITA"]
[Date "2010.09.07"]
[Round "5"]
[White "Piscopo, Pierluigi"]
[Black "Jovic, Stanoje"]
[Result "1/2-1/2"]
[WhiteElo "2424"]
[BlackElo "2290"]
[PlyCount "113"]
[EventDate "2010.09.04"]

1. e4 c6 2. d4 d5 3. exd5 cxd5 4. Bd3 Nc6 5. c3 g6 6. Nf3 Bg4 7. O-O Bg7 8. Qb3
Qd7 9. Nbd2 Nh6 10. Re1 f6 11. h3 Bf5 12. Bb5 a6 13. Bf1 O-O 14. c4 e6 15. Qb6
g5 16. Nb3 Qf7 17. g4 Nxg4 18. hxg4 Bxg4 19. Bg2 dxc4 20. Nc5 Bxf3 21. Bxf3
Nxd4 22. Bd1 g4 23. Nxe6 Nxe6 24. Qxe6 f5 25. Rb1 Rfe8 26. Qxf7+ Kxf7 27. Bd2
Bd4 28. Kg2 Rad8 29. Rh1 Bxf2 30. Bg5 Bc5 31. Bxd8 Rxd8 32. Rxh7+ Kg6 33. Rc7
Rd2+ 34. Kf1 b6 35. Be2 g3 36. Ke1 Be3 37. Rc8 Kg7 38. Bf3 g2 39. Bxg2 Rxg2 40.
Rd1 f4 41. Rd6 Bc5 42. Rc7+ Kh8 43. Rd8+ Rg8 44. Rxg8+ Kxg8 45. Ke2 Kf8 46. Kf3
Ke8 47. Ra7 a5 48. Kxf4 Bd4 49. Rb7 Kd8 50. Ke4 Kc8 51. Kxd4 Kxb7 52. Kxc4 Kc6
53. a4 Kd6 54. Kd4 Ke6 55. Ke4 Kd6 56. Kd4 Kc6 57. Kc4 1/2-1/2

[Event "XII Festival A"]
[Site "Trieste ITA"]
[Date "2010.09.07"]
[Round "5"]
[White "Roiz, Michael"]
[Black "Kuzubov, Yuriy"]
[Result "1-0"]
[WhiteElo "2637"]
[BlackElo "2628"]
[PlyCount "105"]
[EventDate "2010.09.04"]

1. d4 Nf6 2. c4 g6 3. Nc3 Bg7 4. g3 d5 5. cxd5 Nxd5 6. Bg2 Nb6 7. Nf3 Nc6 8. e3
O-O 9. O-O Re8 10. Re1 a5 11. Qe2 Be6 12. Rd1 Bc4 13. Qc2 a4 14. Ne1 Nb4 15.
Qb1 c6 16. Bd2 N4d5 17. Nd3 Bxd3 18. Qxd3 e5 19. Nxd5 Nxd5 20. dxe5 Bxe5 21.
Rab1 Nc7 22. Qc4 Nb5 23. Bb4 Qc7 24. b3 Bf6 25. Qc2 axb3 26. Qxb3 Qc8 27. a4
Nc7 28. Ba3 Nd5 29. Bxd5 cxd5 30. Rxd5 Qc3 31. Qxc3 Bxc3 32. Bb4 Bxb4 33. Rxb4
Re7 34. a5 Rc8 35. Rdb5 Rc1+ 36. Kg2 Ra1 37. g4 h6 38. h4 Kg7 39. h5 gxh5 40.
Rxh5 Ra2 41. Kg3 Rc7 42. Rb6 Rcc2 43. f3 Rcb2 44. Rhxh6 Rg2+ 45. Kf4 Rxa5 46.
Rhf6 Rc2 47. g5 Rc7 48. e4 Rac5 49. g6 fxg6 50. Rxg6+ Kh7 51. Rg5 R5c6 52. Rgb5
Kg6 53. Kg4 1-0

[Event "XII Festival A"]
[Site "Trieste ITA"]
[Date "2010.09.07"]
[Round "5"]
[White "Rombaldoni, Axel"]
[Black "Yrjola, Jouni"]
[Result "1-0"]
[WhiteElo "2453"]
[BlackElo "2368"]
[PlyCount "77"]
[EventDate "2010.09.04"]

1. e4 c5 2. Nf3 d6 3. d4 cxd4 4. Qxd4 a6 5. c4 Nf6 6. h3 g6 7. Nc3 Bg7 8. Be2
O-O 9. Qe3 Nbd7 10. O-O b6 11. Rd1 Qc7 12. Bd2 Bb7 13. Rac1 Nc5 14. Be1 e6 15.
Nd2 Rac8 16. b4 Ncd7 17. f4 Qb8 18. Bh4 Qa8 19. Nf3 Bxe4 20. Rxd6 Bc6 21. Rcd1
Rc7 22. g4 Rfc8 23. Ng5 Re8 24. Nf3 Bf8 25. Ne5 Bxd6 26. Rxd6 Qb7 27. Nxc6 Rxc6
28. Bf3 Rec8 29. Rxc6 Rxc6 30. g5 Nh5 31. Qe4 Nxf4 32. Qxc6 Qxc6 33. Bxc6 Ne5
34. b5 axb5 35. cxb5 Nxh3+ 36. Kh2 Nf4 37. Na4 Nc4 38. Bf2 Nd3 39. Nxb6 1-0

[Event "XII Festival A"]
[Site "Trieste ITA"]
[Date "2010.09.07"]
[Round "5"]
[White "Sevenyuk, Alexey"]
[Black "Petrachi, Gianni"]
[Result "1-0"]
[WhiteElo "1920"]
[BlackElo "1899"]
[PlyCount "55"]
[EventDate "2010.09.04"]

1. Nf3 Nf6 2. b3 d6 3. g3 e5 4. d3 g6 5. Bg2 Bg7 6. Bb2 O-O 7. O-O c6 8. Nbd2
Nh5 9. e4 f5 10. exf5 Bxf5 11. Nh4 Be6 12. Ne4 d5 13. Nc5 Bc8 14. c4 Qd6 15.
Na4 Na6 16. Nc3 Be6 17. a4 Rad8 18. Qd2 Qd7 19. cxd5 cxd5 20. Rae1 Nc7 21. Nf3
Rf5 22. Nd1 Rdf8 23. Nh4 R5f7 24. Bxe5 Bh3 25. Bxg7 Kxg7 26. Qg5 Bxg2 27. Kxg2
Ne6 28. Qe5+ 1-0

[Event "XII Festival A"]
[Site "Trieste ITA"]
[Date "2010.09.07"]
[Round "5"]
[White "Sorbera, Giovanni"]
[Black "Walta, Paivi"]
[Result "1-0"]
[WhiteElo "2057"]
[BlackElo "1846"]
[PlyCount "75"]
[EventDate "2010.09.04"]

1. e4 c5 2. Nf3 g6 3. c3 Bg7 4. d4 cxd4 5. cxd4 d5 6. e5 Bg4 7. Nc3 Nc6 8. Be3
e6 9. Nb5 Bf8 10. Be2 Bxf3 11. Bxf3 Qa5+ 12. Nc3 Bg7 13. O-O Nge7 14. Qd2 O-O
15. a3 f6 16. exf6 Bxf6 17. b4 Qd8 18. Ne2 Nf5 19. Bg4 Qd7 20. Bxf5 exf5 21.
Rad1 a6 22. Rfe1 Rad8 23. Bg5 Qf7 24. Nc3 Rd7 25. Bxf6 Qxf6 26. Na4 Qf7 27. Nc5
Rd6 28. a4 Nd8 29. Re2 Re8 30. Rde1 Rxe2 31. Rxe2 Ne6 32. Qe3 Nxc5 33. bxc5 Rd7
34. f4 h6 35. Qe5 Kh7 36. Kf1 Qf8 37. Qe6 Qg7 38. Re5 1-0

[Event "XII Festival A"]
[Site "Trieste ITA"]
[Date "2010.09.07"]
[Round "5"]
[White "Srebrnic, Vojko"]
[Black "Sarno, Spartaco"]
[Result "1-0"]
[WhiteElo "2178"]
[BlackElo "2329"]
[PlyCount "137"]
[EventDate "2010.09.04"]

1. e4 d6 2. d4 Nf6 3. Nc3 g6 4. Bg5 Bg7 5. Qd2 O-O 6. Nf3 c6 7. Bd3 b5 8. Bh6
Nbd7 9. Bxg7 Kxg7 10. a4 b4 11. Ne2 a5 12. Ng3 e5 13. O-O c5 14. dxe5 Nxe5 15.
Nxe5 dxe5 16. Rfd1 Bg4 17. f3 Be6 18. Bb5 Qd4+ 19. Qf2 Qxf2+ 20. Kxf2 Rfd8 21.
Nf1 Rd4 22. c3 Rdd8 23. Ke1 Bb3 24. Rxd8 Rxd8 25. Nd2 Be6 26. Rc1 Nh5 27. g3
Kf6 28. cxb4 cxb4 29. Rc5 Ng7 30. Bc4 Rc8 31. Rxc8 Bxc8 32. Nb3 Bd7 33. Nxa5
Bxa4 34. Nb7 Ke7 35. Nc5 Be8 36. Nd3 Kd6 37. Kd2 f5 38. Nxb4 fxe4 39. fxe4 g5
40. Kc3 Bg6 41. Kd3 g4 42. b3 h5 43. Ke3 Ne8 44. Nd5 Ng7 45. b4 Ne6 46. b5 Nc5
47. b6 Bf7 48. Bb5 Bg6 49. Nc3 Bf7 50. Na4 Nb3 51. Nb2 Na5 52. Nd3 Be6 53. Ba6
Nc6 54. b7 Nb8 55. Bb5 Bd7 56. Bc4 Be6 57. Nb2 Nc6 58. Bxe6 Kxe6 59. Nc4 Nb8
60. Kd3 Na6 61. Kc3 Kd7 62. Nxe5+ Kc7 63. Kd4 Kxb7 64. Ng6 Nb4 65. Nf4 Nc2+ 66.
Ke5 Ne1 67. Nxh5 Nf3+ 68. Kf4 Nxh2 69. Nf6 1-0

[Event "XII Festival A"]
[Site "Trieste ITA"]
[Date "2010.09.07"]
[Round "5"]
[White "Ulibin, Mikhail"]
[Black "Gleizerov, Evgeny"]
[Result "1/2-1/2"]
[WhiteElo "2544"]
[BlackElo "2564"]
[PlyCount "25"]
[EventDate "2010.09.04"]

1. Nf3 Nf6 2. g3 b6 3. Bg2 Bb7 4. c4 c5 5. O-O e6 6. Nc3 Be7 7. d4 cxd4 8. Qxd4
d6 9. b3 O-O 10. Ba3 Nc6 11. Qf4 d5 12. Bxe7 Nxe7 13. Ne5 1/2-1/2

[Event "XII Festival A"]
[Site "Trieste ITA"]
[Date "2010.09.07"]
[Round "5"]
[White "Varini, Massimo"]
[Black "Ottaviani, Gianluca"]
[Result "0-1"]
[WhiteElo "2105"]
[BlackElo "1936"]
[PlyCount "118"]
[EventDate "2010.09.04"]

1. d4 Nf6 2. c4 e6 3. Nf3 c5 4. d5 exd5 5. cxd5 d6 6. Nc3 g6 7. Bg5 Bg7 8. e3
O-O 9. Be2 Re8 10. O-O a6 11. a4 Nbd7 12. Nd2 Qc7 13. a5 b5 14. axb6 Nxb6 15.
e4 Nfd7 16. f4 c4 17. Nf3 Qc5+ 18. Kh1 Rb8 19. Qc2 Qb4 20. Bh4 Nc5 21. Bg3 Bd7
22. f5 Ba4 23. Nxa4 Ncxa4 24. fxg6 hxg6 25. Ng5 Rb7 26. Rab1 Be5 27. Be1 Qc5
28. b3 cxb3 29. Qxb3 Nc3 30. Rc1 Qa5 31. Bg4 Qb5 32. Qxb5 Nxb5 33. Ba5 f6 34.
Nf3 Bb2 35. Rc6 Na4 36. Be6+ Kg7 37. Rxa6 Nc5 38. Rb6 Rxb6 39. Bxb6 Ba3 40.
Bxc5 dxc5 41. Bd7 Rb8 42. e5 fxe5 43. Nxe5 Nd6 44. Be6 c4 45. h4 c3 46. Nd7 Rb4
47. Rf2 Rxh4+ 48. Kg1 Ne4 49. Rc2 Bb4 50. Kf1 Nd6 51. Ke2 Rd4 52. Ke3 Rd1 53.
Ke2 Rg1 54. Kf2 Rb1 55. Ke2 Rb2 56. Kd3 Nb5 57. Rxb2 cxb2 58. Kc2 Ba3 59. Bg4
Nc3 0-1

[Event "XII Festival A"]
[Site "Trieste ITA"]
[Date "2010.09.07"]
[Round "5"]
[White "Vidic, Miha"]
[Black "Tonel, Giulia"]
[Result "1-0"]
[WhiteElo "2016"]
[BlackElo "1977"]
[PlyCount "63"]
[EventDate "2010.09.04"]

1. d4 Nf6 2. c4 g6 3. Nc3 Bg7 4. e4 d6 5. Be2 Nbd7 6. Nf3 e5 7. O-O exd4 8.
Nxd4 O-O 9. Be3 Nc5 10. f3 a5 11. Qd2 c6 12. Rfd1 Qb6 13. Nb3 a4 14. Qxd6 Ncxe4
15. Qxf8+ Kxf8 16. Bxb6 Nxc3 17. bxc3 axb3 18. axb3 Rxa1 19. Rxa1 Nd7 20. Bd4
Bxd4+ 21. cxd4 Ke7 22. Kf2 Nf6 23. g4 Kd6 24. Ke3 h6 25. h3 Be6 26. c5+ Kc7 27.
Bc4 Nd5+ 28. Bxd5 Bxd5 29. b4 Kb8 30. h4 Be6 31. Kf4 Bd5 32. g5 1-0

[Event "XII Festival A"]
[Site "Trieste ITA"]
[Date "2010.09.08"]
[Round "6"]
[White "De Dreu, Dies"]
[Black "Sevenyuk, Alexey"]
[Result "1/2-1/2"]
[WhiteElo "2019"]
[BlackElo "1920"]
[PlyCount "122"]
[EventDate "2010.09.04"]

1. e4 c5 2. d4 cxd4 3. Nf3 d6 4. Nxd4 Nf6 5. Nc3 g6 6. Be3 Bg7 7. Bc4 Nc6 8. f3
O-O 9. Qd2 Bd7 10. O-O-O Na5 11. Bb3 Rb8 12. h4 b5 13. g4 b4 14. Nce2 e5 15.
Nf5 Nxb3+ 16. axb3 Qa5 17. Kb1 gxf5 18. gxf5 Kh8 19. h5 Rfc8 20. Qxd6 Qc7 21.
Qd2 Rb5 22. h6 Bf8 23. Bg5 Be7 24. c4 bxc3 25. Nxc3 Rxb3 26. Bxf6+ Bxf6 27. Nd5
Qc6 28. Nxf6 Qxf6 29. Qxd7 Rcb8 30. Rh2 R3b7 31. Qd5 Rb5 32. Qd6 Qxd6 33. Rxd6
Kg8 34. Rhd2 Kf8 35. f6 Ke8 36. Rg2 Kf8 37. Rdd2 R5b6 38. Rg7 Rxf6 39. Rxh7 Ke7
40. Rd5 Rxf3 41. Rxe5+ Kf6 42. Rf5+ Rxf5 43. exf5 Rg8 44. Kc2 Rg5 45. Rh8 Rxf5
46. Ra8 Kg6 47. Rxa7 Kxh6 48. b4 Rb5 49. Kc3 Kg6 50. Ra6+ f6 51. Kc4 Rb8 52.
Kc5 Kg5 53. b5 f5 54. Kc6 f4 55. b6 Kg4 56. Kc7 Rf8 57. Ra1 f3 58. b7 f2 59.
Kc6 Rb8 60. Kc7 Rxb7+ 61. Kxb7 Kg3 1/2-1/2

[Event "XII Festival A"]
[Site "Trieste ITA"]
[Date "2010.09.08"]
[Round "6"]
[White "Gleizerov, Evgeny"]
[Black "Jovic, Stanoje"]
[Result "1-0"]
[WhiteElo "2564"]
[BlackElo "2290"]
[PlyCount "59"]
[EventDate "2010.09.04"]

1. d4 Nf6 2. c4 d6 3. Nc3 Bf5 4. f3 e5 5. e4 exd4 6. Qxd4 Nc6 7. Qd2 Be6 8. b3
g6 9. Bb2 Bg7 10. Bd3 O-O 11. Nge2 Ne5 12. Bc2 a5 13. f4 Nc6 14. Rd1 Bg4 15.
O-O Qb8 16. Kh1 Re8 17. Rde1 Bxe2 18. Rxe2 Nh5 19. g4 Nf6 20. g5 Nh5 21. Bd1
Qc8 22. Rg2 Nd4 23. Bxh5 gxh5 24. Nd5 c5 25. f5 Rxe4 26. Nf6+ Bxf6 27. gxf6+
Rg4 28. Rxg4+ hxg4 29. Qg5+ Kf8 30. Bxd4 1-0

[Event "XII Festival A"]
[Site "Trieste ITA"]
[Date "2010.09.08"]
[Round "6"]
[White "Ivanovic, Andrej"]
[Black "Laco, Giuseppe"]
[Result "0-1"]
[WhiteElo "1898"]
[BlackElo "2126"]
[PlyCount "147"]
[EventDate "2010.09.04"]

1. d4 f5 2. g3 Nf6 3. Bg2 e6 4. c4 d5 5. Nh3 c6 6. O-O Be7 7. b3 O-O 8. Ba3
Bxa3 9. Nxa3 Qa5 10. Nb1 dxc4 11. bxc4 Rd8 12. e3 e5 13. Nd2 exd4 14. Nb3 Qa4
15. exd4 Qxc4 16. Rc1 Qb4 17. Nf4 Na6 18. Re1 Nc7 19. h4 Qd6 20. Qe2 Kf8 21.
Qf3 g6 22. Rcd1 Ncd5 23. Nxd5 cxd5 24. Nc5 b6 25. Nd3 Bb7 26. Ne5 Rac8 27. Bh3
Kg7 28. g4 fxg4 29. Bxg4 Rc7 30. h5 Ne4 31. Qg2 Rc2 32. Re2 Rxe2 33. Bxe2 Nc3
34. Re1 Bc8 35. Bd3 Re8 36. hxg6 h6 37. Re3 Be6 38. Qg3 Rf8 39. Qh4 Nxa2 40.
Ng4 Bxg4 41. Qxg4 Nb4 42. Re6 Qd8 43. f4 Nxd3 44. Qe2 Nxf4 45. Re7+ Kg8 46. Qe5
Qxe7 47. Qxe7 Nxg6 48. Qxa7 Nf4 49. Qxb6 Kg7 50. Qd6 Rf6 51. Qd7+ Rf7 52. Qd6
h5 53. Kh2 Rf6 54. Qe7+ Kg6 55. Qe1 Re6 56. Qb1+ Kg5 57. Qg1+ Kf5 58. Qb1+ Re4
59. Qc2 Kg4 60. Qc8+ Kf3 61. Qc3+ Re3 62. Qc8 Re2+ 63. Kh1 Rd2 64. Qc3+ Rd3 65.
Qc5 Ke3 66. Qe7+ Kxd4 67. Qb4+ Ke3 68. Qe7+ Kf2 69. Qh4+ Kf3 70. Qf6 Rd1+ 71.
Kh2 Rd2+ 72. Kg1 d4 73. Qc6+ Kg3 74. Qa4 0-1

[Event "XII Festival A"]
[Site "Trieste ITA"]
[Date "2010.09.08"]
[Round "6"]
[White "Kragelj, Igor"]
[Black "Vidic, Miha"]
[Result "1/2-1/2"]
[WhiteElo "2226"]
[BlackElo "2016"]
[PlyCount "47"]
[EventDate "2010.09.04"]

1. d4 d5 2. c4 c6 3. Nf3 Nf6 4. Nc3 dxc4 5. a4 Bf5 6. Ne5 Nbd7 7. Nxc4 Qc7 8.
g3 e5 9. dxe5 Nxe5 10. Bf4 Nfd7 11. Bg2 g5 12. Ne3 gxf4 13. Nxf5 O-O-O 14. Qc2
Kb8 15. O-O-O Ng4 16. Ne4 Qa5 17. h3 Qxf5 18. hxg4 Qe5 19. gxf4 Qxf4+ 20. e3
Qe5 21. g5 Bg7 22. f4 Qe7 23. Rd3 Nb6 24. Rhd1 1/2-1/2

[Event "XII Festival A"]
[Site "Trieste ITA"]
[Date "2010.09.08"]
[Round "6"]
[White "Mocchi, Tullio"]
[Black "Fehr, Axel"]
[Result "1-0"]
[WhiteElo "2248"]
[BlackElo "2147"]
[PlyCount "51"]
[EventDate "2010.09.04"]

1. d4 f5 2. g3 e6 3. c4 Nf6 4. Bg2 d5 5. Nf3 c6 6. O-O Bd6 7. b3 Qe7 8. a4 a5
9. Ba3 Bxa3 10. Nxa3 Nbd7 11. Nc2 O-O 12. Nce1 b6 13. Nd3 Bb7 14. Nfe5 Nxe5 15.
Nxe5 Rfd8 16. Qc2 c5 17. Rfd1 Rac8 18. Qb2 cxd4 19. Rxd4 dxc4 20. Bxb7 Qxb7 21.
Nxc4 Rxd4 22. Qxd4 Rb8 23. Qd6 Qc8 24. Nxb6 Qe8 25. Rd1 Ne4 26. Qc7 1-0

[Event "XII Festival A"]
[Site "Trieste ITA"]
[Date "2010.09.08"]
[Round "6"]
[White "Ottaviani, Gianluca"]
[Black "Bogdanovski, Vlatko"]
[Result "0-1"]
[WhiteElo "1936"]
[BlackElo "2398"]
[PlyCount "104"]
[EventDate "2010.09.04"]

1. e4 c5 2. Nf3 e6 3. d3 Nc6 4. g3 g6 5. Bg2 Bg7 6. O-O Nge7 7. Nbd2 O-O 8. Nb3
b6 9. Re1 d5 10. e5 d4 11. c3 dxc3 12. bxc3 Bb7 13. d4 cxd4 14. Nbxd4 Nxd4 15.
cxd4 Qd7 16. Bg5 Rac8 17. Qd2 Rc4 18. Rad1 Nf5 19. g4 Bxf3 20. gxf5 Bxd1 21.
fxe6 fxe6 22. Rxd1 Kh8 23. Qe3 Rc2 24. Bh4 Rxa2 25. Qb3 Qa4 26. Qxa4 Rxa4 27.
Bc6 Rc4 28. Bd7 Bxe5 29. Be7 Rf7 30. Bxe6 Rxe7 31. Bxc4 Rd7 32. d5 Kg7 33. Kg2
Kf6 34. Rd3 Ke7 35. Bb5 Rd8 36. h3 Kd6 37. Bc6 Rf8 38. Ra3 a5 39. Ra4 Kc5 40.
Re4 Bd6 41. Rh4 Rf7 42. Ra4 Rf4 43. Rxf4 Bxf4 44. Kf3 Bd6 45. Ke4 b5 46. Kd3
Kb4 47. Kc2 a4 48. Kb2 Ka5 49. Bd7 b4 50. Bg4 Be5+ 51. Kb1 b3 52. Bd1 Kb4 0-1

[Event "XII Festival A"]
[Site "Trieste ITA"]
[Date "2010.09.08"]
[Round "6"]
[White "Pasquotto, Mirko"]
[Black "Biason, Adriano"]
[Result "1-0"]
[WhiteElo "1934"]
[BlackElo "1928"]
[PlyCount "72"]
[EventDate "2010.09.04"]

1. d4 Nf6 2. c4 e6 3. Nf3 b6 4. g3 Ba6 5. b3 Bb4+ 6. Bd2 Be7 7. Bg2 c6 8. O-O
d5 9. Ne5 O-O 10. Bc3 Nfd7 11. Nxd7 Nxd7 12. Nd2 Bb7 13. e4 dxe4 14. Nxe4 Nf6
15. Qc2 Qc7 16. f4 Nxe4 17. Bxe4 g6 18. Qg2 Rab8 19. Rad1 Bf6 20. Ba1 Rfd8 21.
g4 Rd7 22. f5 exf5 23. gxf5 g5 24. h4 h6 25. hxg5 Bxg5 26. Rd3 f6 27. Kh1 Re8
28. Rh3 Ree7 29. c5 Rg7 30. Qe2 bxc5 31. Qc4+ Kh7 32. dxc5 Qa5 33. Qe2 Rd2 34.
Qh5 Qxc5 35. Bxf6 Rf2 36. Re1 Re2 1-0

[Event "XII Festival A"]
[Site "Trieste ITA"]
[Date "2010.09.08"]
[Round "6"]
[White "Piscopo, Pierluigi"]
[Black "Suc, Timothy"]
[Result "1-0"]
[WhiteElo "2424"]
[BlackElo "2014"]
[PlyCount "89"]
[EventDate "2010.09.04"]

1. e4 e6 2. Qe2 c5 3. Nf3 Nc6 4. g3 g6 5. Bg2 Bg7 6. O-O Nge7 7. c3 e5 8. d4
cxd4 9. cxd4 exd4 10. Bf4 d5 11. e5 h6 12. h4 O-O 13. Re1 Be6 14. Na3 Nf5 15.
Rad1 Kh7 16. Qd2 Qb6 17. Bf1 a6 18. Bd3 Rfe8 19. h5 Nb4 20. Bxf5 Bxf5 21. Nxd4
Nd3 22. Nxf5 Nxe1 23. Rxe1 gxf5 24. Qxd5 Qe6 25. Qxb7 Rab8 26. Qf3 Rxb2 27. Qd3
Kg8 28. Nc4 Rb5 29. Ne3 f6 30. exf6 Qxf6 31. Rc1 Rd8 32. Qc4+ Kh8 33. a4 Rb2
34. Qc5 Rbd2 35. Qc4 R2d4 36. Qc7 R4d7 37. Qc2 Rd3 38. Rb1 Rc3 39. Qxf5 Qxf5
40. Nxf5 Rc6 41. Rb7 Bf8 42. Nd4 Rc4 43. Ne6 Rd1+ 44. Kg2 Ba3 45. Be5+ 1-0

[Event "XII Festival A"]
[Site "Trieste ITA"]
[Date "2010.09.08"]
[Round "6"]
[White "Pompili, Ugo"]
[Black "Varini, Massimo"]
[Result "1-0"]
[WhiteElo "1877"]
[BlackElo "2105"]
[PlyCount "121"]
[EventDate "2010.09.04"]

1. c4 Nf6 2. Nc3 e5 3. e4 Bc5 4. Be2 O-O 5. d3 h6 6. Nf3 a6 7. O-O d6 8. Be3
Bxe3 9. fxe3 c6 10. Qd2 Bg4 11. h3 Be6 12. d4 Qc7 13. d5 Bc8 14. Nh4 b5 15.
cxb5 axb5 16. a3 cxd5 17. exd5 b4 18. axb4 Rxa1 19. Rxa1 Qb6 20. b5 Nbd7 21.
Kh2 Nc5 22. Rf1 g6 23. Rxf6 Kg7 24. Rf1 f5 25. Nf3 g5 26. Ne1 f4 27. e4 Nb3 28.
Qd1 Nd4 29. Nf3 Nxe2 30. Qxe2 Kg6 31. Qf2 Qc7 32. Rc1 h5 33. Qd2 g4 34. Nh4+
Kg5 35. Nf5 Qb6 36. Ne7 Qc7 37. Nxc8 Rxc8 38. Ne2 g3+ 39. Kh1 Qb7 40. Rxc8 Qxc8
41. Nxg3 Qc4 42. Nf5 Qxe4 43. Nxd6 Qb1+ 44. Kh2 e4 45. Qd4 e3 46. Qe5+ Kg6 47.
Qe6+ Kh7 48. Qf7+ Kh8 49. Qxh5+ Kg8 50. Qg5+ Kh7 51. Qxf4 e2 52. Qh4+ Kg6 53.
Qg4+ Kf6 54. Qxe2 Kg5 55. Qe5+ Kh6 56. b6 Qa1 57. b7 Qa7 58. Nf5+ Kg5 59. b8=Q
Qf7 60. Nd6+ Kh4 61. Qbh8+ 1-0

[Event "XII Festival A"]
[Site "Trieste ITA"]
[Date "2010.09.08"]
[Round "6"]
[White "Pregarac, Valter"]
[Black "Castelfranchi, Carlo"]
[Result "1-0"]
[WhiteElo "2089"]
[BlackElo "2121"]
[PlyCount "91"]
[EventDate "2010.09.04"]

1. e4 Nf6 2. e5 Nd5 3. Nc3 Nxc3 4. bxc3 g6 5. d4 Bg7 6. Bd3 c5 7. f4 d5 8. Nf3
c4 9. Be2 Qa5 10. Bd2 Qa4 11. Nh4 Nc6 12. O-O f6 13. Bf3 Qa5 14. exf6 Bxf6 15.
Qe1 Bxh4 16. Qxh4 Bf5 17. Qe1 h5 18. a4 Bxc2 19. Qe6 Bf5 20. Qxd5 Qxd5 21. Bxd5
Na5 22. Bc1 Rd8 23. Bf3 Nb3 24. Ra2 Bb1 25. Raf2 Bd3 26. Re1 Rd7 27. Ba3 Kf7
28. Re5 Rhd8 29. g4 h4 30. h3 b6 31. Kh2 Na5 32. Bb4 Nb3 33. Bc6 Rc7 34. Bd5+
Kf8 35. Ba3 Re8 36. Rg5 Rd8 37. Be6 Re8 38. f5 Kg7 39. Rxg6+ Kh7 40. Rg5 a6 41.
Rh5+ Kg7 42. Rxh4 b5 43. axb5 axb5 44. g5 Ra7 45. Bb4 Ra1 46. Bxe7 1-0